Inazuma Eleven - Les joueurs de Chrono Storm + EG + Miximax - Statistiques

Statistiques générales
  • Ce quiz a été pris 1 115 fois
  • Le résultat moyen est 20 sur 33
Statistiques - réponses
Numéro Réponse % Correct
8 Arion
96%
10 Victor
92%
9 Riccardo
90%
3 Gaby
89%
20 JP
86%
99 Zanark
84%
11 Fey
82%
Miximax Jeanne d'Arc
81%
78 Goldie
80%
18 Sol
80%
Miximax Roi Arthur
79%
14 Ryoma
78%
21 Sor
78%
EG Maestro Virtuoso
66%
EG Archi Pégase, le cheval des dieux
65%
Miximax Nobunaga Oda
64%
Miximax Ouragan Zeta
64%
EG Lancelot, le spadassin héroïque
63%
Miximax Liu Bei
62%
Miximax Big
61%
Miximax Ryoma Sakamoto
57%
Miximax Quetzalcoatlus
54%
EG Atlas, protecteur de la terre
52%
Miximax Soji Okita
52%
Miximax Reine des dragons
48%
Miximax Zhuge Liang
46%
EG Apollon, dieu du soleil
42%
EG Musashi, le samouraï vaillant
42%
EG Sir Lapin, chevalier supersonique
25%
EG Jaguar, guerrier préhistorique
22%
EG Zodiac, prince du plan astral
22%
EG Amaterasu, magicienne de l'aurore
19%
EG Brunehilde, la valkyrie porte-drapeau
18%
Aucun quiz correspondant
Distribution des résultats
% des personnes avec chaque résultat
Percentile par nombre de réponses
Votre historique - résultats
Vous n’avez pas pris ce quiz